[Event "Pan-Am Intercollegiate 2012"]
[Site "Princeton USA"]
[Date "2012.12.29"]
[Round "5"]
[White "Getz,A"]
[Black "Iotov,V"]
[Result "0-1"]
[WhiteElo "2353"]
[BlackElo "2575"]

1.c4 e5 2.g3 d6 3.Bg2 f5 4.Nc3 Nf6 5.d3 Be7 6.e4 c6 7.Nge2 O-O 8.O-O Na6
9.h3 Kh8 10.Be3 Qe8 11.exf5 Bxf5 12.g4 Bxg4 13.hxg4 Nxg4 14.Ng3 Qg6 15.Qe2 d5
16.Nd1 Nb4 17.Bh3 h5 18.Kh1 Nxd3 19.Nxh5 Nxe3 20.Nxe3 Bc5 21.Ng3 Qh7 22.Kh2 Nf4
23.Qg4 Rf6 24.Nef5 Raf8 25.cxd5 cxd5 26.Rac1 Bb6 27.Rc3 Bd8 28.Rc8 Rg6 29.Qh4 Qxh4
30.Nxh4 Rh6 31.Ngf5 Rc6 32.Rxc6 bxc6 33.Rc1 g5 34.Rxc6 gxh4 35.Bg4 Bb6 36.f3 Bf2
37.Rc7 d4 38.Nh6 d3 39.Bf5 Rxf5 40.Nxf5 d2 41.Rc8+ Kh7 42.Rc7+ Kg6 43.Nxh4+ Bxh4
44.Rd7 Be1 45.Kg1 Kf6 46.Kf1 Ke6 47.Rd8 Ke7  0-1

[Event "XXIII Krakow Open"]
[Site "Krakow POL"]
[Date "2012.12.30"]
[Round "5.25"]
[White "Kulon,K"]
[Black "Snihur,P"]
[Result "1-0"]
[WhiteElo "2287"]
[BlackElo "2064"]

1.c4 e5 2.g3 Nf6 3.Bg2 Bc5 4.Nc3 O-O 5.e3 d6 6.Nge2 c6 7.O-O Bf5 8.d3 Nbd7
9.a3 a5 10.Rb1 Ba7 11.b4 Qc7 12.h3 Bg6 13.Kh1 Ne8 14.f4 f5 15.d4 exd4 16.exd4 Nef6
17.c5 d5 18.b5 b6 19.Qa4 cxb5 20.Qxb5 Bf7 21.cxb6 Bxb6 22.Bd2 Rab8 23.Nxd5 Nxd5
24.Bxd5 Bxd4 25.Bxf7+ Rxf7 26.Qd5 Bb6 27.Rfc1 Qa7 28.Rc6 Nf6 29.Qc4 Bd8 30.Rxb8 Qxb8
31.Bxa5 Bxa5 32.Rc8+ Qxc8 33.Qxc8+  1-0

[Event "16th New Year Open"]
[Site "Guben GER"]
[Date "2013.01.02"]
[Round "1"]
[White "Schulz,Kar"]
[Black "Bachran,B"]
[Result "1-0"]
[WhiteElo "2333"]
[BlackElo "1975"]

1.c4 e5 2.g3 c5 3.Bg2 Nc6 4.Nc3 Nf6 5.d3 Be7 6.e3 a6 7.Nge2 Qc7 8.b3 d5 9.Bb2 Bf5
10.Nxd5 Nxd5 11.cxd5 Nb8 12.O-O O-O 13.Rc1 Qd6 14.d4 cxd4 15.exd4 f6 16.dxe5 fxe5
17.Nc3 Nd7 18.Ne4 Bxe4 19.Bxe4 Nf6 20.Bf5 Kh8 21.Be6 Ne4 22.Qe2 Ng5 23.Bg4 Bf6
24.h4 Nf7 25.Kg2 Rae8 26.Bf5 g6 27.Be4 Kg7 28.h5 Nh6 29.hxg6 hxg6 30.Qd3 g5
31.Rh1 Rh8 32.Qf3 g4 33.Qe2 Bg5 34.Rc4 Ref8 35.Rh5 Qd8 36.Bc1 Bxc1 37.Rxc1 Rf7
38.Qe3 Qf6 39.Rg5+ Kf8 40.Rg6 Nf5 41.Rc8+ Ke7 42.Bxf5 Rh2+ 43.Kxh2 Rh7+ 44.Kg1 Qxf5
45.Rc7+ Kf8 46.Rxh7 Qxg6 47.Qh6+  1-0

[Event "XXIII Krakow Open"]
[Site "Krakow POL"]
[Date "2013.01.02"]
[Round "7.10"]
[White "Klekowski,M"]
[Black "Shishkin,Va UKR"]
[Result "1/2-1/2"]
[WhiteElo "2338"]
[BlackElo "2501"]

1.c4 e5 2.g3 Nc6 3.Bg2 g6 4.Nc3 Bg7 5.e3 f5 6.Nge2 Nf6 7.d4 e4 8.Qa4 a5 9.a3 O-O
10.O-O Ne7 11.f3 exf3 12.Bxf3 d6 13.Bd2 c6 14.Qb3 Qc7 15.Rac1 Bd7 16.Nf4 g5
17.Nd3 Ng6 18.Nb5 Qb8 19.c5+ d5 20.Nd6 b5 21.Bg2 a4 22.Qa2 Ne7 23.Ne5 Qc7
24.Bb4 Be6 25.Rce1 h6 26.Rf2 Ne4 27.Rff1 Rf6 28.g4 fxg4 29.Nxg4 Bxg4 30.Nxe4 Rxf1+
31.Rxf1 Rf8 32.Rxf8+ Kxf8 33.Nd6 Qd7 34.b3 Qe6 35.Qf2+ Kg8 36.bxa4 bxa4 37.h3 Bh5
38.Ba5 Bg6 39.Qg3 Nf5 40.Nxf5 Bxf5 41.Kh2 Kh7 42.Bd2 Be4 43.Bf1 Bf6 44.Ba5 Kg6
45.Be2 h5 46.Be1 Bf5 47.Bd1 h4 48.Qf3 Bd8 49.Bf2 Kg7 50.Qg2 Kh6 51.Qf3 Kg7
52.Qg2 Kh6 53.Qf3  1/2-1/2

[Event "25th Staufer Open"]
[Site "Schwaebisch Gmuend GER"]
[Date "2013.01.02"]
[Round "1.17"]
[White "Schild,C GER"]
[Black "Gruenert,T"]
[Result "1-0"]
[WhiteElo "2316"]
[BlackElo "1882"]

1.c4 e5 2.g3 f5 3.Bg2 Nf6 4.Nc3 c6 5.d3 Be7 6.Nf3 d6 7.c5 Na6 8.cxd6 Qxd6
9.O-O h6 10.e4 Nc7 11.d4 Nxe4 12.Nxe5 Nf6 13.Ng6 Rg8 14.Bf4 Qe6 15.Bxc7 Kf7
16.Re1 Ne4 17.Ne5+  1-0

[Event "25th Staufer Open"]
[Site "Schwaebisch Gmuend GER"]
[Date "2013.01.02"]
[Round "2.33"]
[White "Hahn,Markus"]
[Black "Lenz,Jonas"]
[Result "1-0"]
[WhiteElo "2211"]
[BlackElo "1962"]

1.c4 e5 2.g3 Nf6 3.Bg2 d5 4.cxd5 Nxd5 5.Nc3 Nb6 6.Nf3 Nc6 7.O-O Be7 8.a3 Be6
9.b4 a6 10.d3 f5 11.Be3 O-O 12.Rc1 f4 13.Bd2 a5 14.b5 Nd4 15.Nxe5 Bxa3 16.Rb1 Nd5
17.Nf3 Nxf3+ 18.Bxf3 fxg3 19.hxg3 Bc5 20.Ne4 Bb6 21.Ng5 Qd6 22.Kg2 Kh8 23.Nxe6 Qxe6
24.Qb3 c6 25.bxc6 bxc6 26.Bxd5 Qxe2 27.Qxb6 cxd5 28.Qe3  1-0

[Event "XXIII Krakow Open"]
[Site "Krakow POL"]
[Date "2013.01.03"]
[Round "8.18"]
[White "Paszewski,M"]
[Black "Aliavdin,N"]
[Result "1/2-1/2"]
[WhiteElo "2017"]
[BlackElo "2371"]

1.c4 e5 2.g3 h5 3.h4 Nc6 4.Bg2 Bc5 5.Nc3 d6 6.d3 Nh6 7.Bg5 f6 8.Bxh6 Rxh6
9.e3 a6 10.a3 Ba7 11.b4 Ne7 12.Bf3 g6 13.Nge2 Kf7 14.Qc2 c6 15.Ne4 Kg7 16.Rc1 Be6
17.O-O Rh8 18.Rfd1 Nf5 19.d4 exd4 20.Nxd4 Nxd4 21.exd4 Bxc4 22.Qxc4 d5 23.Qc2 dxe4
24.Qxe4 Re8 25.Qf4 Qb6 26.Qd6 Rad8 27.Qc5 Qxc5  1/2-1/2

[Event "25th Staufer Open"]
[Site "Schwaebisch Gmuend GER"]
[Date "2013.01.03"]
[Round "4.8"]
[White "Seifert,C"]
[Black "Starostits,I"]
[Result "0-1"]
[WhiteElo "2244"]
[BlackElo "2468"]

1.c4 e5 2.g3 Nc6 3.Bg2 g6 4.Nc3 Bg7 5.d3 d6 6.e3 Nge7 7.Nge2 O-O 8.O-O Bg4
9.Nd5 Qd7 10.Rb1 Nxd5 11.cxd5 Ne7 12.e4 c6 13.dxc6 bxc6 14.Be3 d5 15.Bc5 Rfd8
16.Qc2 Nc8 17.Nc3 Be6 18.Na4 Nd6 19.Rbc1 Bh6 20.Rcd1 Nb5 21.Nc3 Rac8 22.Qa4 Bg4
23.f3 d4 24.Nb1 Be6 25.Qc2 Bxa2 26.Na3 Nxa3 27.bxa3 Be6 28.f4 Rb8 29.Rc1 f6
30.h4 Rdc8 31.h5 Rb3 32.hxg6 hxg6 33.Bb4 c5 34.Bh3 Bxh3 35.Qxb3+ Be6 36.Qc2 cxb4
37.Qxc8+ Qxc8 38.Rxc8+ Bxc8 39.axb4 Ba6 40.Rd1 exf4 41.gxf4 Bxf4 42.Kf2 Bb5  0-1

[Event "11th Parsvnath Open"]
[Site "New Delhi IND"]
[Date "2013.01.05"]
[Round "2.11"]
[White "Czebe,A"]
[Black "Mohota,N"]
[Result "1/2-1/2"]
[WhiteElo "2494"]
[BlackElo "2335"]

1.c4 e5 2.g3 Nf6 3.Bg2 d5 4.cxd5 Nxd5 5.Nc3 Nb6 6.Nf3 Nc6 7.O-O Be7 8.Rb1 a5
9.d3 O-O 10.Be3 Be6 11.Bxb6 cxb6 12.a3 f6 13.Nd2 Rf7 14.Nc4 Bf8 15.Ne3 Rd7
16.Bd5 Rxd5 17.Nexd5 Bxd5 18.Nxd5 Qxd5 19.e3 Rd8 20.Qg4 b5 21.b4 axb4 22.axb4 Qd7
23.Qxd7 Rxd7 24.Rb3 Nxb4 25.Rfb1 Rxd3 26.Rxb4 Bxb4 27.Rxb4 Rd5 28.Rb1 b6
29.g4 Kf7 30.Kg2 Ke6 31.Kf3 Rc5 32.h4 Kd6 33.g5 f5 34.e4 fxe4+ 35.Kxe4 Rc4+
36.Kd3 Kc5 37.h5 b4 38.h6 gxh6 39.gxh6 Rh4 40.Re1 Kd5 41.Rb1 Rh3+ 42.Kc2 b3+
43.Kb2 Rh2 44.Kc3 Rxf2  1/2-1/2

[Event "25th Staufer Open"]
[Site "Schwaebisch Gmuend GER"]
[Date "2013.01.05"]
[Round "8.22"]
[White "Koenig,Dir1"]
[Black "Pokrupa,M"]
[Result "1-0"]
[WhiteElo "2084"]
[BlackElo "2210"]

1.c4 e5 2.g3 c5 3.Bg2 Nc6 4.Nc3 g6 5.d3 Bg7 6.Rb1 Nge7 7.a3 a5 8.b3 O-O 9.e3 d6
10.Nge2 Be6 11.Nd5 Rb8 12.Nec3 Kh8 13.Qd2 f5 14.Bb2 Bg8 15.O-O g5 16.f4 exf4
17.Nxe7 Nxe7 18.exf4 gxf4 19.Rxf4 Nc6 20.Ne2 Ne5 21.d4 cxd4 22.Bxd4 b5 23.Rbf1 bxc4
24.bxc4 Bxc4 25.Bxe5 Qb6+ 26.Kh1 Bxe5 27.Rxc4 Qb3 28.Rc7 Rf6 29.Bd5 Qxa3
30.Qg5 Rg6 31.Qxf5 Bg7 32.Rc8+  1-0

[Event "120th ch-NZL"]
[Site "Wellington NZL"]
[Date "2013.01.06"]
[Round "7.2"]
[White "Green,E"]
[Black "Goodhue,N"]
[Result "1/2-1/2"]
[WhiteElo "2234"]
[BlackElo "1990"]

1.c4 e5 2.g3 Nf6 3.Bg2 g6 4.Nf3 Nc6 5.O-O Bg7 6.d4 exd4 7.Nxd4 Nxd4 8.Qxd4 O-O
9.Nc3 d6 10.Bg5 h6 11.Bd2 Re8 12.Qd3 Nd7 13.b3 Nc5 14.Qc2 Kh7 15.Rad1 Ne6
16.Be3 Qf6 17.Nd5 Qd8 18.Nf4 Nxf4 19.Bxf4 Qe7 20.Rfe1 Rb8 21.b4 Be5 22.Be3 b6
23.Qa4 Bb7 24.Bxb7 Rxb7 25.Rd3 Rbb8 26.Qc6 Red8 27.Ra3 Ra8 28.Rd1 Bb2 29.Rb3 Be5
30.Ra3 Bb2  1/2-1/2

[Event "Prague Open A 2013"]
[Site "Prague CZE"]
[Date "2013.01.12"]
[Round "4.24"]
[White "Thompson,I"]
[Black "Amberger,D"]
[Result "1-0"]
[WhiteElo "2239"]
[BlackElo "2091"]

1.c4 e5 2.g3 Nc6 3.Bg2 Nf6 4.Nf3 Bc5 5.O-O d6 6.d3 h6 7.Nc3 a5 8.e3 O-O 9.h3 Ba7
10.Kh2 Be6 11.e4 Nh7 12.Nb5 Bc5 13.Qe2 Bd7 14.b3 Ne7 15.d4 exd4 16.Nbxd4 Re8
17.Bb2 Ng6 18.Qc2 Nf6 19.Rae1 c6 20.Re2 Qc7 21.Rfe1 Nh5 22.Nf5 Ne5 23.N3d4 g6
24.Nh4 Bb4 25.Rf1 Bc8 26.f4 Nd7 27.a3 Bc5 28.Qc3 Kh7 29.b4 axb4 30.axb4 Bb6
31.Nb3 Rg8 32.e5 dxe5 33.fxe5 Nf8 34.c5 Ba7 35.Qe3 Ng7 36.Nd4 Nfe6 37.Ref2 Rf8
38.Bc1 g5 39.Qe4+ Kg8 40.Nhf5 Nxf5 41.Nxf5  1-0

[Event "PSC Cup 2013"]
[Site "Manila PHI"]
[Date "2013.01.15"]
[Round "2.4"]
[White "Segarra,R"]
[Black "Gomez,Joh"]
[Result "1-0"]
[WhiteElo "2311"]
[BlackElo "2520"]

1.g3 e5 2.c4 Nf6 3.Nc3 d5 4.cxd5 Nxd5 5.Bg2 Nb6 6.Nf3 Nc6 7.O-O Be7 8.b3 O-O
9.Bb2 Re8 10.Rc1 Bf8 11.d3 Nd4 12.Nd2 c6 13.Nc4 Bg4 14.h3 Bh5 15.g4 Bg6 16.e3 Nxc4
17.dxc4 Nc2 18.Be4 Nb4 19.Qf3 Qd2 20.Ba1 Bxe4 21.Nxe4 Qxa2 22.Qf5 g6 23.Nf6+ Kh8
24.Qe4 Re6 25.Bxe5 Bg7 26.g5 h6 27.gxh6 Bxf6 28.Bxf6+ Kh7 29.Qf3 Qxb3 30.Rfd1 Nd3
31.Bc3 Rf8 32.Rxd3 Qxc4 33.Rd7  1-0

[Event "Prague Open A 2013"]
[Site "Prague CZE"]
[Date "2013.01.16"]
[Round "9.1"]
[White "Pacher,M"]
[Black "Biolek,R1"]
[Result "1/2-1/2"]
[WhiteElo "2436"]
[BlackElo "2399"]

1.c4 e5 2.g3 Nf6 3.Bg2 Nc6 4.Nc3 g6 5.e4 Bg7 6.Nge2 d6 7.d3 O-O 8.O-O Nh5
9.Be3 f5 10.exf5 Bxf5 11.d4 Kh8 12.Qd2 Qd7 13.Rad1 Bh3 14.Bxh3 Qxh3 15.d5 Nf6
16.f3 Ne7 17.Ne4 Nxe4 18.fxe4 Ng8 19.Nc3 a6 20.Qg2 Qd7 21.Rxf8 Rxf8 22.Rf1 Rf7
23.Rxf7 Qxf7 24.Qf1 Qxf1+ 25.Kxf1 Bh6 26.Ba7 Nf6 27.Ke2 Kg8 28.b4 Kf7 29.c5 Ke7
30.c6 b6 31.a4 Kd8 32.a5 bxa5 33.bxa5 Bc1 34.Be3 Bxe3 35.Kxe3 Ng4+ 36.Ke2 Nxh2
37.Na2 Kc8 38.Nb4 Ng4 39.Nxa6 Nf6 40.Kf3 h5 41.Nb4 Kb8 42.Na6+ Kc8 43.Nb4 Kb8
44.Na6+  1/2-1/2

[Event "Dvorkovich Mem 2013"]
[Site "Taganrog RUS"]
[Date "2013.01.18"]
[Round "4.10"]
[White "Musalov,R"]
[Black "Geller,J"]
[Result "1-0"]
[WhiteElo "2371"]
[BlackElo "2569"]

1.c4 e5 2.g3 Nf6 3.Bg2 d5 4.cxd5 Nxd5 5.Nc3 Nf6 6.d3 Be7 7.Nf3 Nc6 8.O-O O-O
9.Be3 Be6 10.a4 Nd5 11.Nxd5 Bxd5 12.Nd2 Nb4 13.Rc1 c6 14.Bxd5 cxd5 15.Bc5 Bxc5
16.Rxc5 Rc8 17.Rb5 Nc6 18.Rxb7 Rb8 19.Rb3 Qa5 20.Nf3 e4 21.Rxb8 Rxb8 22.dxe4 dxe4
23.Nd4 Nxd4 24.Qxd4 Rb4 25.Qd7 g6 26.Rc1 e3 27.Qe8+ Kg7 28.Qxe3 Rxa4 29.b3 Rb4
30.Qc3+ Kg8 31.Ra1 Qb6 32.Rxa7 Qd4 33.Qxd4 Rxd4 34.Ra1 Rd2 35.Kf1 Rb2 36.Ra8+ Kg7
37.Rb8 g5 38.Rb5 Kg6 39.h4 h6 40.hxg5 hxg5 41.g4 Kf6 42.e3 Ke6 43.Rxg5 Rxb3
44.Kg2 Kf6 45.Rf5+ Kg6 46.Re5 Rb2 47.Kg3 f6 48.Ra5 Re2 49.Kf3 Rb2 50.e4 Rb3+
51.Kf4 Rb2 52.f3 Rb4 53.g5  1-0

[Event "5th Chennai Open 2013"]
[Site "Chennai IND"]
[Date "2013.01.19"]
[Round "4"]
[White "Rahman,Zia"]
[Black "Vaishali,R"]
[Result "0-1"]
[WhiteElo "2526"]
[BlackElo "2000"]

1.c4 e5 2.g3 Nc6 3.Nc3 Nf6 4.Bg2 Be7 5.Nf3 O-O 6.O-O d6 7.d4 exd4 8.Nxd4 Ne5
9.b3 c5 10.Nc2 Rb8 11.Ne3 Bd7 12.a4 Bc6 13.Ned5 Nxd5 14.cxd5 Bd7 15.Rb1 Qc8
16.f4 Ng6 17.e4 f5 18.Bb2 Bf6 19.Nb5 Bxb5 20.axb5 Bxb2 21.Rxb2 fxe4 22.Bxe4 Ne7
23.Qd3 g6 24.Ra2 Qc7 25.Kh1 b6 26.g4 Rbe8 27.f5 Nc8 28.Raf2 Qe7 29.Bg2 gxf5
30.gxf5 Qf6 31.Re2 Re5 32.Rxe5 Qxe5 33.Qf3 Rf6 34.Qg4+ Kh8 35.Qh5 Ne7 36.Qe8+ Kg7
37.Qd7 Kh6 38.Qxa7 Rxf5 39.Qa1 Nxd5 40.Qc1+ Kg7 41.Re1 Qf6 42.Rg1 Kh8 43.Be4 Rh5
44.Qe1 Qe5 45.Rg2 Nf6 46.Qf1 Rh4 47.Bc6 Rf4 48.Qd1 d5 49.Re2 Ne4 50.Qxd5 Qa1+  0-1

[Event "PSC Cup 2013"]
[Site "Manila PHI"]
[Date "2013.01.19"]
[Round "8.12"]
[White "Bagamasbad,E"]
[Black "Garma,C"]
[Result "1/2-1/2"]
[WhiteElo "2140"]
[BlackElo "2326"]

1.c4 e5 2.g3 Nf6 3.Bg2 Nc6 4.Nc3 Bb4 5.Nd5 Bc5 6.e3 O-O 7.Ne2 Re8 8.O-O Nxd5
9.cxd5 Ne7 10.d4 exd4 11.Nxd4 d6 12.b3 b6 13.Bb2 Ba6 14.Qg4 Qc8 15.Qxc8 Raxc8
16.Rfd1 Bb7 17.Ne2 Ng6 18.a3 b5 19.b4 Bb6 20.Nd4 a6 21.a4 bxa4 22.Rxa4 Ne5
23.Nc6 Nc4 24.Bd4 Ra8 25.Rc1 Nd2 26.Na5 Bc8 27.Rd1 Bxd4 28.Rxd2 Bf6 29.Rc2 Bd7
30.Nc6 Bf5 31.Rca2 Bd3 32.Rd2 Bb5 33.Ra3 g6 34.Nd4 Bd7 35.Bf1 Reb8 36.Nc2 Rb6
37.Bc4 Bf5 38.Bd3 Bg4 39.Be2 Bh3 40.Bf1 Bc8 41.b5 Bb7 42.bxa6 Bxa6 43.Rxa6 Raxa6
44.Bxa6 Rxa6 45.Nd4 Ra5 46.Nc6 Rc5 47.Kf1 g5 48.f4 Kg7 49.Ke2 Rc3 50.e4 gxf4
51.gxf4 Rh3 52.Kd1 Rf3 53.e5 Bh4 54.Rg2+ Kf8 55.Rg4 Be7 56.Ke2 Rc3 57.Nxe7 Kxe7
58.Rg7 dxe5 59.fxe5 Rc5 60.e6 Rxd5 61.Rxf7+ Kxe6 62.Rxh7 c5 63.Rh6+ Kd7 64.Ke3 Kc7
65.Rg6 c4 66.Kf4 Rh5 67.Rg2 Kc6 68.Kg4 Rh8 69.Re2 Kd5 70.h4 c3 71.Rc2 Rc8
72.Kg5 Kd4 73.h5 Kd3 74.Rc1 Kd2 75.Rh1 c2  1/2-1/2

[Event "Marianske Lazne IM 2013"]
[Site "Marianske Lazne CZE"]
[Date "2013.01.20"]
[Round "3.3"]
[White "Roesemann,R"]
[Black "Iwanow,A"]
[Result "0-1"]
[WhiteElo "2308"]
[BlackElo "2192"]

1.c4 e5 2.g3 Nf6 3.Bg2 d5 4.cxd5 Nxd5 5.Nc3 Nb6 6.Nf3 Nc6 7.O-O Be7 8.a3 g5
9.d3 g4 10.Nd2 h5 11.b4 h4 12.Bb2 hxg3 13.fxg3 Bg5 14.Nc4 Nxc4 15.dxc4 Be3+
16.Kh1 Qg5 17.Bxc6+ bxc6  0-1

[Event "Dvorkovich Mem 2013"]
[Site "Taganrog RUS"]
[Date "2013.01.23"]
[Round "9.20"]
[White "Duzhakov,I"]
[Black "Baraeva,I"]
[Result "1-0"]
[WhiteElo "2316"]
[BlackElo "2159"]

1.c4 e5 2.g3 Nf6 3.Bg2 d5 4.cxd5 Nxd5 5.Nc3 Nb6 6.e3 Be7 7.Nge2 Nc6 8.O-O O-O
9.f4 f6 10.d4 exd4 11.exd4 Bf5 12.h3 Qd7 13.g4 Bg6 14.d5 Bc5+ 15.Kh1 Ne7
16.f5 Bf7 17.Nf4 Rad8 18.Ne6 Bxe6 19.dxe6 Qxd1 20.Nxd1 Nbd5 21.Bd2 c6 22.Rc1 Bb4
23.Bxb4 Nxb4 24.a3 Nd3 25.Rc3 Ne5 26.Nf2 Nd5 27.Rb3 b6 28.Nd3 Nc4 29.Nb4 Na5
30.Bxd5 Rxd5 31.Nxd5 Nxb3 32.Ne7+ Kh8 33.Nxc6 a6 34.Rd1 Kg8 35.Ne7+ Kh8 36.Nd5 Kg8
37.Nc7 Rc8 38.e7 Kf7 39.Re1  1-0

[Event "Asian Zone 3.3"]
[Site "Tagaytay City PHI"]
[Date "2013.01.24"]
[Round "4.13"]
[White "Tolentino,R"]
[Black "Turqueza,M"]
[Result "1/2-1/2"]
[WhiteElo "2364"]
[BlackElo "2256"]

1.c4 e5 2.g3 Nf6 3.Bg2 c6 4.d4 exd4 5.Qxd4 d5 6.Nc3 Be6 7.cxd5 cxd5 8.Nf3 Be7
9.O-O O-O 10.Rd1 Nc6 11.Qa4 Qb6 12.Qb5 Qxb5 13.Nxb5 Bc5 14.a3 Ne4 15.Nbd4 Bxd4
16.Nxd4 Nc5 17.Nxc6 bxc6 18.b4 Ne4 19.Bb2 a5 20.Bd4 Rfc8 21.f3 Nd6 22.Bc5 Nc4
23.Kf2 f6 24.f4 f5 25.Bf3 Ra6 26.h3 Rca8 27.Bd4 axb4 28.axb4 Nd6 29.Rxa6 Rxa6
30.Rc1 Ne4+ 31.Bxe4 dxe4 32.Rc5 Bd7 33.Re5 Kf7 34.Rc5  1/2-1/2

[Event "Marianske Lazne IM 2013"]
[Site "Marianske Lazne CZE"]
[Date "2013.01.25"]
[Round "8.5"]
[White "Roesemann,R"]
[Black "Cherednichenko,E"]
[Result "1/2-1/2"]
[WhiteElo "2308"]
[BlackElo "2170"]

1.c4 e5 2.g3 Nc6 3.Nc3 g6 4.Bg2 Bg7 5.e4 d6 6.Nge2 h5 7.h4 Nh6 8.d3 Bg4 9.f3 Be6
10.Be3 Qd7 11.Nd5 f6 12.Qd2 Qf7 13.b4 f5 14.Bg5 Ng8 15.b5 Nd8 16.O-O Nf6
17.d4 O-O 18.dxe5 dxe5 19.Qb4 c6 20.Ne3 Nh7 21.Be7 Re8 22.Bd6 Bh6 23.f4 exf4
24.Nxf4 Bd7 25.exf5 gxf5 26.Rae1 Nf6 27.bxc6 bxc6 28.Qb1 Qh7 29.c5 Nf7 30.Nc4 Qg7
31.Ne5 Nxd6 32.cxd6 Bxf4 33.gxf4 Rab8 34.Qc2 Ne4 35.Nxd7 Qxd7 36.Bxe4 Rxe4
37.Rxe4 fxe4 38.Qc4+ Kf8 39.Qxe4 Rb2 40.Qg6 Rd2 41.Rb1 Qxd6 42.Qf5+ Kg8 43.Qc8+ Qd8
44.Qe6+ Kf8 45.Qf5+ Kg8 46.Qe6+ Kf8 47.Qxc6 Rd1+ 48.Rxd1 Qxd1+ 49.Kf2 Qd2+
50.Kg3 Qe1+ 51.Kh3 Qe3+ 52.Kg2 Qe2+  1/2-1/2

[Event "15th Nord-West Cup"]
[Site "Bad Zwischenahn GER"]
[Date "2013.01.26"]
[Round "5.8"]
[White "Le Roux,JP"]
[Black "Neumann,J"]
[Result "1-0"]
[WhiteElo "2569"]
[BlackElo "2157"]

1.c4 e5 2.g3 Nc6 3.Bg2 Nf6 4.Nc3 Bc5 5.e3 O-O 6.Nge2 Re8 7.O-O a6 8.d4 exd4
9.exd4 Ba7 10.Bg5 h6 11.Bxf6 Qxf6 12.Ne4 Qd8 13.d5 Ne5 14.d6 Nxc4 15.dxc7 Qxc7
16.Nf4 d5 17.Nxd5 Qe5 18.Re1 Kh8 19.b3 Nb2 20.Qd2 Qd4 21.Qxd4 Bxd4 22.Nc7 Bf5
23.Nxe8 Rxe8 24.Nd6  1-0

[Event "TCh-AUT 2 East 2012-13"]
[Site "Austria AUT"]
[Date "2013.02.02"]
[Round "6.2"]
[White "Wagner,Stef AUT"]
[Black "Weber,Gero"]
[Result "1-0"]
[WhiteElo "2178"]
[BlackElo "2382"]

1.c4 e5 2.g3 Nf6 3.Bg2 Nc6 4.Nc3 Bc5 5.a3 a6 6.e3 d6 7.Nge2 O-O 8.O-O Re8
9.d3 h6 10.h3 Rb8 11.Kh2 Bd7 12.b4 Ba7 13.Bb2 b5 14.cxb5 axb5 15.Rc1 Ne7
16.d4 exd4 17.Nxd4 c6 18.Ne4 Nxe4 19.Bxe4 Rc8 20.Qh5 Rf8 21.Nf5 Nxf5 22.Bxf5 Bxf5
23.Qxf5 Qe7 24.Rfd1 Qe6 25.Qf4 Rfd8 26.Rd2 Rd7 27.Rcd1 Bb8 28.Qd4 f5 29.Qb6 d5
30.Rc2 Bd6 31.Rdc1 Rdc7 32.Qd4 Qf7 33.Qd3 Qe6 34.Bd4 Ra8 35.Kg2 Ra6 36.a4 Qd7
37.axb5 cxb5 38.Bc5 Qe6 39.Qxb5 Rac6 40.Qd3 Qe4+ 41.Qxe4 fxe4 42.f3 Kf7 43.fxe4 dxe4
44.Rc4 Bxc5 45.bxc5 Re7 46.Rf1+ Ke8 47.Rf4 Re5 48.Rfxe4 Rxc5 49.Rxc5 Rxe4
50.Kf3 Ra4 51.Rc7 Kf8 52.h4 h5 53.Rc5 g6 54.Rc7 Ra1 55.e4 Rf1+ 56.Ke3 Kg8
57.Kd4 Kf8 58.Rc3 Re1 59.Ke5 Ra1 60.Kf6 Ra6+ 61.Kg5 Re6 62.Rc8+ Kf7 63.Rc7+ Kg8
64.Rc5 Kf7 65.e5 Ra6 66.Rc7+ Kf8 67.Rc3 Re6 68.Kf4 Ra6 69.Rd3 Ke7 70.Kg5  1-0

[Event "Imperial College Open"]
[Site "London ENG"]
[Date "2013.02.02"]
[Round "3"]
[White "Tozer,Philip A A"]
[Black "Maroroa,S"]
[Result "0-1"]
[WhiteElo "2174"]
[BlackElo "2055"]

1.c4 e5 2.g3 Nc6 3.Nc3 f5 4.Nf3 Nf6 5.d4 e4 6.Ng5 h6 7.Nh3 g5 8.Bg2 d6 9.f3 exf3
10.exf3 Qe7+ 11.Kf2 Kd8 12.Re1 Qf7 13.Qd3 Bg7 14.Kg1 Nb4 15.Qd1 Qxc4 16.Be3 Re8
17.Bf1 Qf7 18.a3 Nbd5 19.Qb3 c6 20.Nxd5 Qxd5 21.Qb4 Kc7 22.Bg2 a5 23.Qc3 Qf7
24.f4 g4 25.Nf2 Be6 26.Qc2 Nd5 27.Rad1 Nb6 28.d5 Nxd5 29.Bd4 Bxd4 30.Rxd4 Nb6
31.Red1 Bb3  0-1

[Event "TCh-AUT 2 East 2012-13"]
[Site "Austria AUT"]
[Date "2013.02.03"]
[Round "7.6"]
[White "Leitner,G"]
[Black "Gattermayer,R"]
[Result "1-0"]
[WhiteElo "2206"]
[BlackElo "2004"]

1.c4 e5 2.g3 f5 3.Bg2 Nf6 4.Nc3 d6 5.e3 c6 6.d4 Be7 7.Nge2 O-O 8.O-O Kh8
9.b4 Nbd7 10.Qc2 Nb6 11.c5 Nbd5 12.cxd6 Bxd6 13.dxe5 Bxe5 14.Rb1 Qe7 15.b5 Bd7
16.Nxd5 cxd5 17.Rd1 Be6 18.Nd4 Ne4 19.Qb3 Rfd8 20.Ba3 Qf7 21.Rbc1 Rac8 22.Nxe6 Qxe6
23.Rxc8 Qxc8 24.Rxd5 Bf6 25.Rxd8+ Qxd8 26.Bb4 h6 27.a4 b6 28.Qc2 Qd5 29.h3 Qe5
30.g4 Bh4 31.Qc8+ Kh7 32.Bxe4 Qa1+ 33.Kg2 fxe4 34.Qf5+ Kg8 35.Qf8+ Kh7 36.Qf5+ Kg8
37.Qxe4 Qxa4 38.Qd5+ Kh7 39.Bc3 Qc2 40.Qf5+ Qxf5 41.gxf5 Bd8 42.Be5 Kg8 43.Kf3 Kf7
44.Ke4 g6 45.fxg6+ Kxg6 46.Kd5 Kg5 47.Bg3 Be7 48.e4 Bc5 49.Ke6 h5 50.f4+ Kg6
51.Bh4 Kg7 52.Bf6+ Kf8 53.f5 Ke8 54.Bg7 a5 55.bxa6 b5 56.f6  1-0

[Event "35th Georgi Tringov Open"]
[Site "Plovdiv BUL"]
[Date "2013.02.05"]
[Round "3.14"]
[White "Berescu,A"]
[Black "Janchev,P"]
[Result "1/2-1/2"]
[WhiteElo "2495"]
[BlackElo "2177"]

1.c4 e5 2.g3 Nf6 3.Bg2 d6 4.Nc3 c6 5.d4 Nbd7 6.e3 Be7 7.Nge2 O-O 8.h3 Re8
9.O-O Bf8 10.g4 g6 11.Ng3 Nb6 12.b3 exd4 13.exd4 Bg7 14.Bf4 h6 15.Qd2 Kh7
16.Rad1 d5 17.c5 Nbd7 18.Bd6 Bf8 19.Bxf8 Nxf8 20.f4 N6d7 21.f5 Qg5 22.Qf2 Qe3
23.Rde1 Qxf2+ 24.Kxf2 Rxe1 25.Rxe1 Nf6 26.Re7 Kg8 27.b4 Bd7 28.a4 Re8 29.Re5 Bc8
30.b5 N8d7 31.Rxe8+ Nxe8 32.a5 Ndf6 33.Ke3 Kf8 34.Bf1 g5 35.Nge2 h5 36.Kf3 hxg4+
37.hxg4 Ke7 38.Nc1 Nc7 39.b6 axb6 40.axb6 Nce8 41.Nd3 Nd7 42.Nb4 Nef6 43.Be2 Nb8
44.Ke3 Bd7 45.Bf3 Bc8 46.Ncxd5+ cxd5 47.Nxd5+ Nxd5+ 48.Bxd5 Nc6 49.Bf3 f6
50.Be2 Bd7 51.d5 Ne5 52.Kd4 Bc8 53.Ke4  1/2-1/2

[Event "35th Georgi Tringov Open"]
[Site "Plovdiv BUL"]
[Date "2013.02.05"]
[Round "4.18"]
[White "Janchev,P"]
[Black "Badev,K"]
[Result "1-0"]
[WhiteElo "2177"]
[BlackElo "2394"]

1.c4 e5 2.g3 g6 3.Bg2 Bg7 4.Nc3 Ne7 5.e3 O-O 6.Nge2 Nbc6 7.O-O d6 8.Rb1 Be6
9.Nd5 a5 10.a3 Qd7 11.b4 axb4 12.axb4 Bf5 13.d3 Nxd5 14.cxd5 Na7 15.b5 Nc8
16.Qc2 Qd8 17.Bd2 Nb6 18.Rfc1 Rc8 19.Bc3 Re8 20.e4 Bg4 21.f3 Bd7 22.Bd2 Qe7
23.Be3 Qf8 24.Qd2 Bf6 25.Bh6 Bg7 26.Be3 Kh8 27.Rc2 Bf6 28.Rbc1 Na8 29.Qb4 Bd8
30.b6 c5 31.dxc6 Bxc6 32.Nc3 Be7 33.Qa5 Kg7 34.Nd5 Rb8 35.Qd2 Qh8 36.Nxe7 Rxe7
37.d4 f6 38.d5 Ba4 39.Ra2 Be8 40.Rca1 Bb5 41.Qb4 Ba6 42.Qxd6 Qd8 43.Qxd8 Rxd8
44.Bf1 Bxf1 45.Kxf1 Ree8 46.Ke2 Kf7 47.Kd3 Ke7 48.Kc4 Rc8+ 49.Kb5 Kd7 50.Ra7 Kd6
51.R1a3 f5 52.Rxb7 fxe4 53.fxe4 Rc2 54.Raa7 Rb2+ 55.Ka4 Rd8 56.Rf7 Ra2+ 57.Kb4  1-0

[Event "35th Georgi Tringov Open"]
[Site "Plovdiv BUL"]
[Date "2013.02.07"]
[Round "6.4"]
[White "Nevednichy,V"]
[Black "Vasilev,M"]
[Result "0-1"]
[WhiteElo "2542"]
[BlackElo "2473"]

1.c4 e5 2.g3 Nf6 3.Bg2 Nc6 4.Nc3 Bc5 5.d3 h6 6.Nf3 d6 7.O-O O-O 8.a3 a6 9.b4 Bb6
10.Nd2 Nd4 11.a4 c6 12.Ba3 Re8 13.c5 Bc7 14.e3 Nf5 15.cxd6 Nxd6 16.Nb3 Bg4
17.Qc2 Bf5 18.e4 Bc8 19.h3 b5 20.a5 Nb7 21.d4 Be6 22.d5 cxd5 23.exd5 Bc8
24.Nc5 Nd6 25.Rad1 Bf5 26.Qb3 Qc8 27.Kh2 e4 28.Ne2 Nc4 29.Bb2 Bd6 30.Bd4 Nxd5
31.Nc3 Nxc3 32.Qxc3 Bxc5 33.Bxc5 Qe6 34.Rfe1 Rad8 35.g4 Bg6 36.f4 Rxd1 37.Rxd1 f5
38.Qg3 Kh7 39.gxf5 Qxf5 40.Bf1 e3 41.Bd3 Qf7 42.f5 Bxf5 43.Rf1 g6 44.Bd4 Re7
45.Qb8 Qe8 46.Qxe8 Rxe8 47.Be2 Rd8 48.Bc3 Nd2 49.Rf4 Ne4 50.Be1 Rc8 51.Bd3 Nd6
52.Rd4 Rc6 53.Bxf5 Nxf5 54.Rd7+ Kg8 55.Kg2 Rc1 56.Kf1 Ng3+ 57.Kg2 Rxe1 58.Kxg3 e2
59.Kf2 Rd1  0-1

[Event "73rd Noteboom Mem"]
[Site "Leiden NED"]
[Date "2013.02.08"]
[Round "1.3"]
[White "Ypma,P"]
[Black "Andriasian,Z"]
[Result "0-1"]
[WhiteElo "2157"]
[BlackElo "2608"]

1.c4 e5 2.g3 h5 3.h4 Nc6 4.Bg2 g6 5.Nc3 Bg7 6.d3 d6 7.Rb1 a5 8.a3 Nf6 9.Bg5 Ne7
10.Nd5 Nfxd5 11.cxd5 O-O 12.Qc2 Bd7 13.Bxe7 Qxe7 14.Qxc7 Rfc8 15.Qb6 Rc5
16.Qb3 Rac8 17.e4 Rc1+ 18.Rxc1 Rxc1+ 19.Ke2 a4 20.Qb4 Bh6 21.f3 b5 22.Kf2 Rc2+
23.Ne2 Bd2  0-1

[Event "ch-TUR 2013"]
[Site "Antalya TUR"]
[Date "2013.02.09"]
[Round "11.34"]
[White "Demircin,K"]
[Black "Ozalp,B"]
[Result "1-0"]
[WhiteElo "1844"]
[BlackElo "2022"]

1.c4 e5 2.g3 Nf6 3.Bg2 d5 4.cxd5 Nxd5 5.Nc3 Nb6 6.Nf3 Nc6 7.O-O Be7 8.d3 O-O
9.Be3 f5 10.Qc1 Bf6 11.Nd2 Nd4 12.Nc4 Nxc4 13.dxc4 c6 14.Rd1 Qe7 15.f4 Ne6
16.Qc2 g5 17.fxg5 Nxg5 18.Na4 Qg7 19.Nc5 f4 20.Bf2 Bh3 21.Bf3 fxg3 22.Bxg3 e4
23.Nxe4 Nxe4 24.Bxe4 Rae8 25.Bf3 Bxb2 26.Rab1 Bd4+ 27.Kh1 Kh8 28.Qd3 Be3
29.Qd6 Rf7 30.Rd3 h5 31.Rbd1 h4 32.Rxe3 Rxe3 33.Qd8+ Kh7 34.Qxh4+ Qh6 35.Be4+ Rxe4
36.Qxe4+ Bf5 37.Qe8 Qf6 38.Rd8 Qg7 39.Rd4 Kh6 40.Be5 Qh7 41.Rh4+ Kg5 42.Qg8+  1-0